000 01675cam a2200169 4500500
005 20251214002002.0
041 _afre
042 _adc
100 1 0 _ade Bélizal, Édouard
_eauthor
700 1 0 _aFourault-Cauët, Véronique
_eauthor
700 1 0 _aGermaine, Marie-Anne
_eauthor
700 1 0 _aTemple-Boyer, Élise
_eauthor
245 0 0 _aGéographie de l'environnement
260 _bArmand Colin,
_c2017.
520 _aLa géographie de l’environnement étudie les relations entre sociétés et milieux biophysiques à toutes les échelles, du niveau local et individuel aux grands défis planétaires. L’objectif de cet ouvrage est de rendre compte de la complexité de ces interactions : exploitation des ressources naturelles, gestion des risques, protection de l’environnement, etc. La géographie de l’environnement amène donc à questionner les notions de développement, de représentations, d’aménagement ou encore de géopolitique : c’est un sujet transversal à tous les courants de la discipline. Ce manuel s’organise en trois temps forts : INTRODUCTION : questions essentielles, objectifs de connaissance par chapitre, lectures indispensables et notions clés à maîtriser. COURS : savoirs fondamentaux assortis d’exemples localisés, de définitions et de focus thématiques, d’une page d’entraînement et d’une étude de cas mobilisant des documents géographiques. MÉTHODES : méthodologie détaillée de chaque type d’exercice, avec une application commentée en lien avec un chapitre du cours.
856 4 1 _uhttps://shs.cairn.info/geographie-de-l-environnement--9782200616304?lang=fr&redirect-ssocas=7080
999 _c1566650
_d1566650